| 000 | 00614nam a2200193 i 4500 | ||
|---|---|---|---|
| 001 | 29242 | ||
| 003 | ES-MaACL | ||
| 005 | 20230906154010.0 | ||
| 007 | t| | ||
| 008 | 030121s1972 sp ||||1| spa d | ||
| 100 | 1 |
_aBallenger, John Jacob. _924987 |
|
| 245 | 1 | 0 |
_aEnfermedades de la nariz, garganta y oído / _cJohn Jacob Ballenger ; versión A. Jornet , revisado por Luis Bonells. |
| 250 | _a[1ª ed.]. | ||
| 260 |
_aBarcelona : _bJims, _c1972. |
||
| 300 |
_aXV, 995 p. : _bil. ; _c26 cm. |
||
| 700 | 1 |
_aJornet Cases, A. _966960 |
|
| 700 | 1 |
_aBonells Pey, Luis. _930105 |
|
| 852 |
_aES-MaACL _jC-39049 _bR.80043 |
||
| 999 |
_c29242 _d29242 |
||